000 00603nam a2200193 a 4500
001 26633
003 CO-ViMGA
008 141112s2004 ck r 000 u spa d
020 _a9871306075
040 _aCO-ViMGA
_bspa
_cCO-ViMGA
082 0 4 _a823 Ch28e
100 1 _aChesterton, Gilbert, 1874 - 1936
_93665
245 1 0 _aEl escándalo del padre Brown /
_cGilbert Chesterton ; edición literaria a cargo de : Graciela Equiza
250 _a1a. ed.
260 _aArgentina :
_bAndrés Bello Argentina,
_c2006.
300 _a208 p.; 19 cm.
650 1 4 _aNarrativa inglesa - Novela
_93666
942 _2ddc
_cBK
999 _c9985
_d9985